Journal of GXP Compliance

Detalles Bibliográficos
Formato: Revista
Lenguaje:inglés
Publicado: Woodland Hills, CA : Advanstar Communications, 1997-
Materias:
Acceso en línea:http://www.vlex.com/source/7212

MARC

LEADER 00000nas a22000007a 4500
005 20130321172911.0
007 cr|||| ||||
008 130321c19979999xxuqr|p s|||| 0|||a1eng d
022 |a 15525791  
035 |a 7212 
040 |a vLex 
090 |c 3976  |d 3976 
245 0 0 |a Journal of GXP Compliance  |h [Recurso electrn̤ico]  
256 |a Servicio en ln̕ea 
260 |a Woodland Hills, CA :  |b Advanstar Communications,   |c 1997- 
300 |a 1 Recurso electrn̤ico 
506 |d vLex Global  |d vLex Global (Academic Edition, excluding Law Schools)  |d vLex Global (U.S. Academic Edition, Law Schools)  |d vLex Global (U.S. Academic Edition, excluding Law Schools)  |d vLex Global (Academic Edition, Law Schools) 
650 0 4 |a Medicina  |v Revistas 
650 0 4 |a Farmacia  |v Revistas 
740 |a vLex Revistas (Servicio en ln̕ea) 
856 |a Acceso restringido  |u http://www.vlex.com/source/7212 
942 |c REV